<?xml version="1.0" encoding="UTF-8"?>
<record
    xmlns:xsi="http://www.w3.org/2001/XMLSchema-instance"
    xsi:schemaLocation="http://www.loc.gov/MARC21/slim http://www.loc.gov/standards/marcxml/schema/MARC21slim.xsd"
    xmlns="http://www.loc.gov/MARC21/slim">

  <leader>00403nam a2200181Ia 4500</leader>
  <datafield tag="100" ind1=" " ind2=" ">
    <subfield code="a">Matthew/neil/ Stones/R </subfield>
  </datafield>
  <datafield tag="650" ind1=" " ind2=" ">
    <subfield code="a">Linux Programming</subfield>
  </datafield>
  <datafield tag="250" ind1=" " ind2=" ">
    <subfield code="a">4</subfield>
  </datafield>
  <datafield tag="942" ind1=" " ind2=" ">
    <subfield code="c">BK</subfield>
  </datafield>
  <datafield tag="366" ind1=" " ind2=" ">
    <subfield code="f">25</subfield>
  </datafield>
  <datafield tag="654" ind1=" " ind2=" ">
    <subfield code="a">linux programming</subfield>
  </datafield>
  <datafield tag="245" ind1=" " ind2=" ">
    <subfield code="a">Beginning Linux programming</subfield>
  </datafield>
  <datafield tag="260" ind1=" " ind2=" ">
    <subfield code="b">Wrox Publications</subfield>
    <subfield code="a">New Delhi</subfield>
    <subfield code="c">2008</subfield>
  </datafield>
  <datafield tag="082" ind1=" " ind2=" ">
    <subfield code="a">5.133</subfield>
    <subfield code="b">MAT</subfield>
  </datafield>
  <datafield tag="300" ind1=" " ind2=" ">
    <subfield code="a">780</subfield>
  </datafield>
  <datafield tag="546" ind1=" " ind2=" ">
    <subfield code="a">ENGLISH</subfield>
  </datafield>
  <datafield tag="999" ind1=" " ind2=" ">
    <subfield code="c">21146</subfield>
    <subfield code="d">21146</subfield>
  </datafield>
  <datafield tag="952" ind1=" " ind2=" ">
    <subfield code="0">0</subfield>
    <subfield code="1">0</subfield>
    <subfield code="4">0</subfield>
    <subfield code="7">0</subfield>
    <subfield code="8">CRC</subfield>
    <subfield code="a">CRCE</subfield>
    <subfield code="b">CRCE</subfield>
    <subfield code="d">2023-03-17</subfield>
    <subfield code="e">Dharma Enterprises</subfield>
    <subfield code="g">411.75</subfield>
    <subfield code="i">1467 dt 29/07/2009</subfield>
    <subfield code="l">0</subfield>
    <subfield code="o">5.133 MAT</subfield>
    <subfield code="p">19762</subfield>
    <subfield code="r">2023-03-17</subfield>
    <subfield code="v">549.00</subfield>
    <subfield code="w">0000-00-00</subfield>
    <subfield code="y">BK</subfield>
  </datafield>
  <datafield tag="952" ind1=" " ind2=" ">
    <subfield code="0">0</subfield>
    <subfield code="1">0</subfield>
    <subfield code="4">0</subfield>
    <subfield code="7">0</subfield>
    <subfield code="8">CRC</subfield>
    <subfield code="a">CRCE</subfield>
    <subfield code="b">CRCE</subfield>
    <subfield code="d">2023-03-17</subfield>
    <subfield code="e">Dharma Enterprises</subfield>
    <subfield code="g">411.75</subfield>
    <subfield code="i">1467 dt 29/07/2009</subfield>
    <subfield code="l">0</subfield>
    <subfield code="o">5.133 MAT</subfield>
    <subfield code="p">19763</subfield>
    <subfield code="r">2023-03-17</subfield>
    <subfield code="v">549.00</subfield>
    <subfield code="w">0000-00-00</subfield>
    <subfield code="y">BK</subfield>
  </datafield>
  <datafield tag="952" ind1=" " ind2=" ">
    <subfield code="0">0</subfield>
    <subfield code="1">0</subfield>
    <subfield code="4">0</subfield>
    <subfield code="7">0</subfield>
    <subfield code="8">CRC</subfield>
    <subfield code="a">CRCE</subfield>
    <subfield code="b">CRCE</subfield>
    <subfield code="d">2023-03-17</subfield>
    <subfield code="e">Dharma Enterprises</subfield>
    <subfield code="g">411.75</subfield>
    <subfield code="i">1467 dt 29/07/2009</subfield>
    <subfield code="l">0</subfield>
    <subfield code="o">5.133 MAT</subfield>
    <subfield code="p">19764</subfield>
    <subfield code="r">2023-03-17</subfield>
    <subfield code="v">549.00</subfield>
    <subfield code="w">0000-00-00</subfield>
    <subfield code="y">BK</subfield>
  </datafield>
  <datafield tag="952" ind1=" " ind2=" ">
    <subfield code="0">0</subfield>
    <subfield code="1">0</subfield>
    <subfield code="4">0</subfield>
    <subfield code="7">0</subfield>
    <subfield code="8">CRC</subfield>
    <subfield code="a">CRCE</subfield>
    <subfield code="b">CRCE</subfield>
    <subfield code="d">2023-03-17</subfield>
    <subfield code="e">Dharma Enterprises</subfield>
    <subfield code="g">411.75</subfield>
    <subfield code="i">1467 dt 29/07/2009</subfield>
    <subfield code="l">0</subfield>
    <subfield code="o">5.133 MAT</subfield>
    <subfield code="p">19765</subfield>
    <subfield code="r">2023-03-17</subfield>
    <subfield code="v">549.00</subfield>
    <subfield code="w">0000-00-00</subfield>
    <subfield code="y">BK</subfield>
  </datafield>
  <datafield tag="952" ind1=" " ind2=" ">
    <subfield code="0">0</subfield>
    <subfield code="1">0</subfield>
    <subfield code="4">0</subfield>
    <subfield code="7">0</subfield>
    <subfield code="8">CRC</subfield>
    <subfield code="a">CRCE</subfield>
    <subfield code="b">CRCE</subfield>
    <subfield code="d">2023-03-17</subfield>
    <subfield code="e">Dharma Enterprises</subfield>
    <subfield code="g">411.75</subfield>
    <subfield code="i">1467 dt 29/07/2009</subfield>
    <subfield code="l">1</subfield>
    <subfield code="o">5.133 MAT</subfield>
    <subfield code="p">19766</subfield>
    <subfield code="r">2025-02-10</subfield>
    <subfield code="s">2025-01-15</subfield>
    <subfield code="v">549.00</subfield>
    <subfield code="w">0000-00-00</subfield>
    <subfield code="y">BK</subfield>
  </datafield>
  <datafield tag="952" ind1=" " ind2=" ">
    <subfield code="0">0</subfield>
    <subfield code="1">0</subfield>
    <subfield code="4">0</subfield>
    <subfield code="7">0</subfield>
    <subfield code="8">CRC</subfield>
    <subfield code="a">CRCE</subfield>
    <subfield code="b">CRCE</subfield>
    <subfield code="d">2023-03-17</subfield>
    <subfield code="e">Dharma Enterprises</subfield>
    <subfield code="g">411.75</subfield>
    <subfield code="i">1467 dt 29/07/2009</subfield>
    <subfield code="l">0</subfield>
    <subfield code="o">5.133 MAT</subfield>
    <subfield code="p">19767</subfield>
    <subfield code="r">2023-03-17</subfield>
    <subfield code="v">549.00</subfield>
    <subfield code="w">0000-00-00</subfield>
    <subfield code="y">BK</subfield>
  </datafield>
  <datafield tag="952" ind1=" " ind2=" ">
    <subfield code="0">0</subfield>
    <subfield code="1">0</subfield>
    <subfield code="4">0</subfield>
    <subfield code="7">0</subfield>
    <subfield code="8">CRC</subfield>
    <subfield code="a">CRCE</subfield>
    <subfield code="b">CRCE</subfield>
    <subfield code="d">2023-03-17</subfield>
    <subfield code="e">Dharma Enterprises</subfield>
    <subfield code="g">411.75</subfield>
    <subfield code="i">1467 dt 29/07/2009</subfield>
    <subfield code="l">0</subfield>
    <subfield code="o">5.133 MAT</subfield>
    <subfield code="p">19768</subfield>
    <subfield code="r">2023-03-17</subfield>
    <subfield code="v">549.00</subfield>
    <subfield code="w">0000-00-00</subfield>
    <subfield code="y">BK</subfield>
  </datafield>
  <datafield tag="952" ind1=" " ind2=" ">
    <subfield code="0">0</subfield>
    <subfield code="1">0</subfield>
    <subfield code="4">0</subfield>
    <subfield code="7">0</subfield>
    <subfield code="8">CRC</subfield>
    <subfield code="a">CRCE</subfield>
    <subfield code="b">CRCE</subfield>
    <subfield code="d">2023-03-17</subfield>
    <subfield code="e">Dharma Enterprises</subfield>
    <subfield code="g">411.75</subfield>
    <subfield code="i">1467 dt 29/07/2009</subfield>
    <subfield code="l">0</subfield>
    <subfield code="o">5.133 MAT</subfield>
    <subfield code="p">19769</subfield>
    <subfield code="r">2023-03-17</subfield>
    <subfield code="v">549.00</subfield>
    <subfield code="w">0000-00-00</subfield>
    <subfield code="y">BK</subfield>
  </datafield>
  <datafield tag="952" ind1=" " ind2=" ">
    <subfield code="0">0</subfield>
    <subfield code="1">0</subfield>
    <subfield code="4">0</subfield>
    <subfield code="7">0</subfield>
    <subfield code="8">CRC</subfield>
    <subfield code="a">CRCE</subfield>
    <subfield code="b">CRCE</subfield>
    <subfield code="d">2023-03-17</subfield>
    <subfield code="e">Dharma Enterprises</subfield>
    <subfield code="g">411.75</subfield>
    <subfield code="i">1467 dt 29/07/2009</subfield>
    <subfield code="l">0</subfield>
    <subfield code="o">5.133 MAT</subfield>
    <subfield code="p">19770</subfield>
    <subfield code="r">2023-03-17</subfield>
    <subfield code="v">549.00</subfield>
    <subfield code="w">0000-00-00</subfield>
    <subfield code="y">BK</subfield>
  </datafield>
  <datafield tag="952" ind1=" " ind2=" ">
    <subfield code="0">0</subfield>
    <subfield code="1">0</subfield>
    <subfield code="4">0</subfield>
    <subfield code="7">0</subfield>
    <subfield code="8">CRC</subfield>
    <subfield code="a">CRCE</subfield>
    <subfield code="b">428</subfield>
    <subfield code="d">2023-03-17</subfield>
    <subfield code="e">Dharma Enterprises</subfield>
    <subfield code="g">411.75</subfield>
    <subfield code="i">1467 dt 29/07/2009</subfield>
    <subfield code="l">1</subfield>
    <subfield code="o">5.133 MAT</subfield>
    <subfield code="p">19771</subfield>
    <subfield code="r">2025-09-11</subfield>
    <subfield code="s">2025-08-14</subfield>
    <subfield code="v">549.00</subfield>
    <subfield code="w">0000-00-00</subfield>
    <subfield code="y">BK</subfield>
  </datafield>
</record>
